A check list of the Birds of Ohio with the migration dates for the birds of central Ohio.

Bibliographic Details
Main Author: Borror, Donald J.
Format: Book
Language:English
Published: [Columbus? Ohio], [publisher not identified] ; [1950?]
Subjects:

MARC

Tag First Indicator Second Indicator Subfields
LEADER 00000cam a2200000 4500
001 in00000046604
005 20151007073309.0
008 720202r1950 ohua b 00000 eng u
035 |a (OCoLC)00232301 
035 |9 AAE9477AM 
040 |c DLC  |d TXA  |d UtOrBLW 
049 |a TXAM  |c [193389] 
090 |a QL684.O3  |b B67 1950 
092 |a 598.2  |b B737c 
100 1 |a Borror, Donald J. 
245 1 2 |a A check list of the Birds of Ohio with the migration dates for the birds of central Ohio. 
264 1 |a [Columbus? Ohio],  |b [publisher not identified] ;  |c [1950?] 
300 |a 32 pages :  |b tables. 
336 |a text  |b txt  |2 rdacontent 
337 |a unmediated  |b n  |2 rdamedia 
338 |a volume  |b nc  |2 rdacarrier 
500 |a Cover title. 
500 |a Reprinted from the Ohio Journal of Science, volume 50, pp. 1-32, January, 1950. 
504 |a Bibliography: pages 30-32. 
650 0 |a Birds  |z Ohio. 
650 0 |a Birds  |x Migration. 
999 |a MARS 
999 f f |s c3259136-d379-3e58-b2a6-3762f4c9cce8  |i fba76008-343a-347a-b617-fbec3927de7e  |t 0 
952 f f |p ric  |a Texas A&M University  |b Rellis Campus  |c Joint Library Facility  |d Remote Storage  |t 0  |e QL684.O3 B67 1950  |h Library of Congress classification  |i unmediated -- volume  |m A14801020555 
998 f f |a QL684.O3 B67 1950  |t 0  |l Remote Storage